Un análisis de la doctrina del control de convencionalidad (Registro nro. 6107)

Detalles MARC
000 -LEADER
fixed length control field 01883 a2200337 4500
001 - CONTROL NUMBER
control field 57046
005 - DATE AND TIME OF LATEST TRANSACTION
control field 20260407155833.0
008 - FIXED-LENGTH DATA ELEMENTS--GENERAL INFORMATION
fixed length control field 260407a2021 arg spa d
003 - CONTROL NUMBER IDENTIFIER
control field AR-UNSa-BCEJYS
040 ## - CATALOGING SOURCE
Original cataloging agency AR-UNSa-BCEJYS
Language of cataloging spa
Transcribing agency AR-UNSa-BCEJYS
080 ## - UNIVERSAL DECIMAL CLASSIFICATION NUMBER
Universal Decimal Classification number 342.7
Common auxiliary subdivision Derechos fundamentales. Derechos humanos. Derechos y deberes de los ciudadanos (Derecho a la Salud, vivienda)
020 ## - INTERNATIONAL STANDARD BOOK NUMBER
International Standard Book Number 978-987-730-698-9
041 ## - LANGUAGE CODE
Language code of text/sound track or separate title spa
100 1# - MAIN ENTRY--PERSONAL NAME
Personal name Colombo Murúa, Ignacio
245 10 - TITLE STATEMENT
Title Un análisis de la doctrina del control de convencionalidad
Name of part/section of a work Doctrina y práctica
264 #1 - PRODUCTION, PUBLICATION, DISTRIBUTION, MANUFACTURE, AND COPYRIGHT NOTICE
Place of production, publication, distribution, manufacture Resistencia :
Name of producer, publisher, distributor, manufacturer ConTexto
Date of production, publication, distribution, manufacture, or copyright notice 2021
300 ## - PHYSICAL DESCRIPTION
Extent 149 p.
Dimensions 22 cm.
505 ## - FORMATTED CONTENTS NOTE
Formatted contents note Capítulo I: 1. Punto de partida – 2. Introduciéndonos en la problemática. Un fundamento cuestionable – 3. El marco convencional – 4. Las opiniones consultivas y la extensión del desborde – 5. Las recomendaciones de la Comisión Interamericana – Capitulo II: 1. Explorando las causas de los desbordes interpretativos – 2. La (inadecuada) concepción interpretativa del control de convencionalidad – Capitulo III: 1. Acción y reacción – 2. El fallo Misterio y la discusión “sistema convencional vs. Sistema de integración” – 3. El margen de apreciación nacional – 4. Teoría de la identidad constitucional y de los contralimites – 5. Críticas y críticas a las críticas – Capitulo IV: Conclusiones
590 ## - LOCAL NOTE (RLIN)
Local note niveau_biblio:m niveau_hierar:0
700 1# - ADDED ENTRY--PERSONAL NAME
Personal name Gómez Diez, Martín
700 1# - ADDED ENTRY--PERSONAL NAME
Personal name Rodríguez Rufino, Cecilia
700 1# - ADDED ENTRY--PERSONAL NAME
Personal name Leake, María Cecilia
700 1# - ADDED ENTRY--PERSONAL NAME
Personal name Guzmán Coraita, Gonzalo
700 1# - ADDED ENTRY--PERSONAL NAME
Personal name Orozco, Joaquìn
700 1# - ADDED ENTRY--PERSONAL NAME
Personal name Cuello, Lucas
700 1# - ADDED ENTRY--PERSONAL NAME
Personal name Lamagni, Luciano
700 1# - ADDED ENTRY--PERSONAL NAME
Personal name Márquez, Mariana
700 1# - ADDED ENTRY--PERSONAL NAME
Personal name Zorpudes, Mariano
856 41 - ELECTRONIC LOCATION AND ACCESS
Uniform Resource Identifier <a href="https://biblioeco.unsa.edu.ar/pmb/images/libros/L128670.jpg">https://biblioeco.unsa.edu.ar/pmb/images/libros/L128670.jpg</a>
Link text Imagen de portada
Electronic format type image/jpeg
942 ## - ADDED ENTRY ELEMENTS (KOHA)
Koha item type
Existencias
Withdrawn status Lost status Damaged status Not for loan Home library Current library Shelving location Date acquired Total checkouts Full call number Barcode Date last seen Price effective from Koha item type
        Biblioteca Prof. Eusebio Cleto del Rey Biblioteca Prof. Eusebio Cleto del Rey   07/04/2026   342.7 C718 L128670 07/04/2026 07/04/2026 Libro